000 00531nam a2200193Ia 4500
999 _c64428
_d64428
003 GCL
005 20240530110731.0
008 140319s9999 xx 000 0 ara d
040 _aGCL /
_cGCL
082 0 4 _a155.4\
_bن ن
100 1 _aنايفة قطامى
245 1 0 _aنمو الطفل ورعايته /
_cنايفة قطامى
260 _a[S.N] :
_bدار الشروق ،
_c1989
300 _a279 ص
650 0 4 _aالاطفال
650 0 4 _aالرعاية
700 1 _aعالية الرفاعى
942 _2ddc
_cBK